| 000 | 00316nam a2200109Ia 4500 | ||
|---|---|---|---|
| 008 | 231129s9999||||xx |||||||||||||| ||spa|| | ||
| 082 | _a(i) 808.068543 N336f | ||
| 100 | _aNazoa Aquiles | ||
| 245 | 0 | _aFabula de la ratoncita presumida | |
| 264 | _aCaracas : Ediciones Ekare-Banco del Libro c1982. | ||
| 942 |
_2ddc _cBKS |
||
| 999 |
_c13842 _d13842 |
||